Biblioteca y Centro de Documentación

Registro y control de la jornada de trabajo (Registro nro. 48758)

Detalles MARC
000 -CABECERA
Longitud fija campo de control 01013naa a2200253.c 4500
001 - NÚMERO DE CONTROL
Número de control 48758
003 - IDENTIFICADOR DE NÚMERO DE CONTROL
Identificador del número de control ES-MaCES
005 - FECHA Y HORA DE LA ÚLTIMA TRANSACCIÓN
Fecha y hora de la última transacción 20170118122212.0
008 - CAMPO FIJO DE DESCRIPCIÓN FIJA--INFORMACIÓN GENERAL
Códigos de información de longitud fija   170118s2016 sp ||||| t||||||| ||spa d
040 ## - FUENTE DE CATALOGACIÓN
Centro catalogador de origen ES-MaCES
Lengua de catalogación spa
Centro transcriptor ES-MaCES
Centro modificado ES-MaCES
100 1# - ENCABEZAMIENTO PRINCIPAL--NOMBRE PERSONAL
9 (RLIN) 17072
Nombre de persona Lousada Arochena, José Fernando
245 10 - MENCIÓN DE TÍTULO
Título Registro y control de la jornada de trabajo
Mención de responsabilidad, etc. José Fernando Lousada Arochena
500 ## - NOTA GENERAL
Nota general Resumen
650 #4 - ASIENTO SECUNDARIO DE MATERIA--TÉRMINO DE MATERIA
9 (RLIN) 29205
Término de materia o nombre geográfico como elemento inicial ordenamiento del tiempo de trabajo
650 #4 - ASIENTO SECUNDARIO DE MATERIA--TÉRMINO DE MATERIA
9 (RLIN) 28335
Término de materia o nombre geográfico como elemento inicial horas de trabajo
650 #4 - ASIENTO SECUNDARIO DE MATERIA--TÉRMINO DE MATERIA
9 (RLIN) 30174
Término de materia o nombre geográfico como elemento inicial flexibilidad del trabajo
650 #4 - ASIENTO SECUNDARIO DE MATERIA--TÉRMINO DE MATERIA
9 (RLIN) 29815
Término de materia o nombre geográfico como elemento inicial trabajador a tiempo parcial
650 #4 - ASIENTO SECUNDARIO DE MATERIA--TÉRMINO DE MATERIA
9 (RLIN) 29918
Término de materia o nombre geográfico como elemento inicial mecanismo de control
650 #4 - ASIENTO SECUNDARIO DE MATERIA--TÉRMINO DE MATERIA
9 (RLIN) 27166
Término de materia o nombre geográfico como elemento inicial legislación del trabajo
653 10 - TÉRMINO DE INDEXACIÓN--NO CONTROLADO
Término no controlado Relaciones laborales-Empleo
773 0# - ENTRADA DE DOCUMENTO FUENTE
Itemnumber del ítem fuente 85664
Lugar, editor y fecha de publicación Madrid (Ignacio Ellacuría, 3, 28017) Civitas
Otro identificador del documento 088562
Título Nueva revista española de Derecho del trabajo
Número de control del registro relacionado (ES-MaCES)25060
Parte(s) relacionada(s) n. 192 (nov. 2016) {10040 R. 088562} ;p. 243-260
902 ## - CES. TIPO DE DOCUMENTO
Tipodoc (006$c Sirtex) ART Artículo de revista
942 ## - ELEMENTOS KOHA
Fuente de clasificaión o esquema Clasificación propia del CES
Koha [por defecto] tipo de item Artículos (1982-2017)
Parte de clasificación Relaciones Laborales y Rel. Lab.- Empleo

No hay ítems disponibles.

© CES, Consejo Económico y Social de España 2021